[Event "Palma de Mallorca FIDE GP"]
[Site "Palma de Mallorca"]
[Date "2017.11.22"]
[Round "6"]
[White "Harikrishna, Pentala"]
[Black "Vachier Lagrave, Maxime"]
[Result "1/2-1/2"]
[WhiteElo "2738"]
[BlackElo "2796"]
[Annotator "Mekhitarian,K"]
[PlyCount "87"]
[EventDate "2017.11.16"]
[EventType "swiss"]
[EventRounds "9"]
[EventCountry "ESP"]
[SourceTitle "CBM 182"]
[Source "ChessBase"]
[SourceDate "2018.01.17"]
[SourceVersion "1"]
[SourceVersionDate "2018.01.17"]
[SourceQuality "1"]

1. Nf3 c5 2. c4 Nc6 3. d4 cxd4 4. Nxd4 Nf6 5. Nc3 e6 6. g3 Qb6 7. Nf3 $5 {
A rare move, but not a weak one by any means. White wants to move the knight
away from the attack without suffering the typical annoyances directed against
the c4-pawn.} (7. Nb3 {is the common response:} Ne5 $1 {hitting c4} 8. e4 Bb4
9. Qe2 {with complex play:} d6 10. f4 Nc6 11. Be3 Bxc3+ 12. bxc3 Qc7 13. Bg2 e5
14. f5 b6 $15 {0-1 (49) Grigoryan,K (2584)-Gledura,B (2605) Barcelona 2017})
7... Bb4 (7... d5 {is playable, but Black got too excited in this game and
soon found himself in a lost position:} 8. cxd5 exd5 9. Bg2 d4 $1 {enjoying
the initiative of the isolated pawn} 10. Na4 Qa5+ (10... Bb4+ $5 11. Bd2 Qb5
12. O-O Bxd2 {forcing White to take with the knight, which is at least awkward}
13. Nxd2 O-O $11) 11. Bd2 Qb5 12. O-O Bf5 $6 {the first step in the wrong
direction} 13. Rc1 Be4 14. Re1 O-O-O $4 15. Bf4 $18 {1-0 (22) Iturrizaga
Bonelli,E (2664)-Goh,W (2446) Benasque 2017}) 8. Bg2 O-O (8... Qa6 $5 {was
another game played at a high level} 9. Qb3 d5 10. cxd5 exd5 11. O-O O-O 12.
Nxd5 $5 (12. Be3 $1 $14 {would guarantee White a small positional advantage})
12... Nxd5 13. Qxd5 Qxe2 14. Nd4 Nxd4 15. Qxd4 a5 16. Bf4 $11 {½-½ (30)
Hracek,Z (2635)-Bologan,V (2672) Tromsoe 2013, with a good initiative, but the
game ended up in a draw.}) 9. O-O Bxc3 10. bxc3 Qc5 11. Qa4 $1 Re8 (11... Qa5
$1 12. Qb3 Re8 13. Nd4 d5 $1) 12. Nd4 $1 {Opening up the g2-bishop is very
important in this kind of position, with neither ...Ne5 (that is not possible
now) nor ...Nxd4, putting any pressure on the diagonal.} (12. Be3 Qa5 13. Qxa5
Nxa5 14. c5 Nd5 $1 {White has the bishop pair and the better development, but
his pawn structure and the strong knights provide Black with compensation for
it.} 15. Bd4 b6 $1 {a very important move, preparing to develop the queenside.
The c5-pawn is doubled and weak, but Black is looking forward to exchange it}
16. cxb6 Nxb6 $11 {followed by ...d5 and ...Ba6, Black should be fine.}) 12...
Ne5 $6 (12... d5 $1 {was necessary} 13. Qb5 (13. Ba3 Qa5 $1 $11) 13... Qd6 $1
14. cxd5 exd5 15. Bf4 Qa3 $1 16. Nxc6 bxc6 17. Qxc6 Ba6 $132 {with good
counterplay.}) 13. Qb5 $1 d6 14. Qxc5 dxc5 15. Nb5 {The white pawns remain
even weaker now, but the piece activity is very dangerous, and Black is
getting in trouble.} Rd8 (15... Nxc4 $2 16. Nc7 $16) 16. Na3 {Preparing Bf4
and Rfd1.} a6 17. Bf4 Ned7 18. Rfd1 Re8 19. Rab1 (19. Bd6 $5 $16 {placing the
bishop in a very annoying spot in Black's position:} Nb6 (19... e5 20. Rab1 {
now this feels like a clearly improved version for White} Ra7 21. Nc2 e4 22.
Ne3 $16) 20. Bxc5 Na4 21. Be3 $1 e5 (21... Nxc3 $2 22. Rd3 $1 Na4 (22... Nxe2+
$2 23. Kf1 $18) 23. Rc1 $18 {followed by Rb3 or c5, White has a winning
position already}) 22. c5 $16) 19... e5 20. Be3 e4 ({After} 20... Rb8 $5 {
also defending b7, it looked logical to play b6 next without committing the
pawn to e4} 21. Nc2 b6 22. Bc6 {stopping ...Bb7} Re6 23. Ba4 Kf8 {followed by .
..Ke7 and ...Rd6, Black tries to survive.}) 21. h3 (21. Bf4 $1 $16 {followed
with Bd6, Nc2 and Ne3.}) 21... h6 22. Nc2 {Leaving the c4-pawn unprotected is
not a good idea, Black could already go for it.} b6 (22... Ne5 $1 23. Bxc5 Nxc4
24. Bd4 b5 $14 {White keeps a small edge, but this is consistent for Black.})
23. a4 $6 (23. Bf4 $1 b5 (23... g5 24. Bc7 $16) 24. Ne3 $1 $16 {and Black
still has to solve many problems to fully develop his queenside.}) 23... Ne5 $1
{[%csl Rc4]} 24. Na3 Be6 $1 25. Rxb6 Bxc4 $1 {Solving all of Black's problems.}
(25... Nxc4 $2 26. Rxe6 $1 Nxa3 27. Rxe8+ Rxe8 28. Bxc5 $18) 26. Rb2 Nd5 $1 27.
Bf4 Nxc3 28. Rdd2 Nxe2+ 29. Kh2 (29. Rxe2 $2 Bxe2 30. Rxe2 Nf3+ 31. Bxf3 exf3
$17 {and Black is very happy suddenly.}) 29... Nxf4 30. gxf4 Nd3 (30... Bd3 $5
{was a nice piece sacrifice} 31. fxe5 Rab8 $44 {c4-c3 is coming fast!}) 31.
Nxc4 Nxb2 32. Rxb2 Rab8 {With a strange unbalanced endgame, that looks
somewhat dangerous for Black.} 33. Rc2 {Keeping the rooks is important for
White, specially with the strong passed pawn on c5.} Rb4 34. a5 Ra4 35. Bf1 Re6
36. Rd2 Ra1 $2 (36... Rf6 $1 37. Nb6 Rxa5 (37... Ra1 $1) 38. Rd8+ Kh7 39. Nd7
Rf5 $1 40. Nf8+ Kg8) 37. f5 Re8 38. Be2 g6 39. fxg6 $6 (39. Ne3 $1 gxf5 (39...
Rxa5 40. Bc4 $1 {threatening Rd7}) 40. Kg3 {is scary for Black, White has all
the activity his pieces could ask for and there are so many weak pawns to take
one after another. For example:} Rxa5 41. Bc4 $1 $16 {followed by Kf4 and Nxf5.
}) 39... fxg6 40. Kg2 Kg7 41. Rd7+ Kf6 42. Ra7 Ra2 $1 43. Rxa6+ Re6 44. Rxe6+ {
Without the rooks, White loses most of his chances to convert the game, even
after winning the a6-pawn.} 1/2-1/2

[Event "Candidates Tournament"]
[Site "Moscow"]
[Date "2016.03.24"]
[Round "11"]
[White "Topalov, Veselin"]
[Black "Caruana, Fabiano"]
[Result "1/2-1/2"]
[WhiteElo "2780"]
[BlackElo "2794"]
[Annotator "Mekhitarian,K"]
[PlyCount "82"]
[EventDate "2016.03.11"]
[EventType "tourn"]
[EventRounds "14"]
[EventCountry "RUS"]
[EventCategory "22"]
[SourceTitle "CBM 172"]
[Source "ChessBase"]
[SourceDate "2016.05.12"]
[SourceVersion "1"]
[SourceVersionDate "2016.05.12"]
[SourceQuality "1"]

1. c4 c5 2. Nf3 Nf6 3. d4 cxd4 4. Nxd4 Nc6 5. Nc3 e6 6. g3 Qb6 {This
Symmetrical English is a very complicated variation; both sides have found
interesting new ideas and improvements over the last years. This game is
another example.} 7. Ndb5 Ne5 8. Bf4 Nfg4 9. e3 (9. Qa4 $5 {Aronian,L (2739)
-Leko,P (2753) Morelia/Linares 25th 2008 (6) 1/2 I was really surprised the
first time I saw this idea. How could it be good to give up the f2-pawn with
check, without any clear reason? Aronian played this novelty in 2008 against
Peter Leko (who amazingly reacted very well - it is very hard to deal with
such a strong novelty over the board)} g5 {is the common move (played by Leko
in 2008 and then in 2015 also)} (9... Qxf2+ 10. Kd2 {and white has his 'jumps'
as well - Nc7+ is threatened, there is no easy way to deal with it} Qb6 $2 (
10... Qc5 11. Ne4 {with a complex position}) 11. h3 $16) 10. Bxe5 Qxf2+ 11. Kd1
Nxe5 12. Nc7+ Kd8 13. Nxa8 Qd4+ 14. Kc2 Nxc4 15. e4 Qd2+ (15... Ne3+ $2 {
was a tragic confusion by Karjakin. He mixed up the lines and couldn't figure
it out during the game, leading to a quick end} 16. Kb3 Qd2 17. a3 $1 {and
Black is in deep trouble as White's king is safe on a2} Qc2+ 18. Ka2 Qxa4 19.
Nxa4 Nxf1 20. Rhxf1 b5 21. N4b6 $1 axb6 22. Nxb6 Bb7 23. Rxf7 Bc6 24. Rd1 $18 {
1-0 (27) Nakamura,H (2776)-Karjakin,S (2760) Zuerich 2015}) 16. Kb3 Qxb2+ 17.
Kxc4 Bg7 18. Qa5+ b6 19. Qxg5+ f6 20. Qb5 Ba6 21. Qxa6 f5 22. Qxa7 Qxc3+ 23.
Kb5 {1/2-1/2 (23) Shankland,S (2661)-Leko,P (2713) Tsaghkadzor 2015; is a
bizarre forced line that leads to a draw.}) 9... a6 10. Qa4 Ra7 (10... g5 {
is another option} 11. Bxe5 Nxe5 12. O-O-O Rb8 13. Nd4 Qb4 14. Qc2 Be7 15. a3
Qa5 16. f4 Nc6 17. Nb3 $14 {1/2-1/2 (43) Rambaldi,F (2560)-Abdumalik,Z (2390)
Doha 2015; and White had the better chances.}) 11. h3 axb5 $1 $146 (11... g5 {
is possible here also, and had been played by Grischuk once already, but
didn't look convincing} 12. hxg4 gxf4 13. gxf4 axb5 (13... Nxg4 14. Bh3 Nxf2
15. Kxf2 axb5 16. Qxb5 $14) 14. Qxb5 Qxb5 15. Nxb5 Nc6 16. Nxa7 Nxa7 17. Bd3
Bg7 18. O-O-O $16 {1/2-1/2 (52) Matlakov,M (2689)-Grischuk,A (2792) Dubai 2014;
with advantage for White in this weird endgame.}) 12. Qxb5 Qc6 (12... Qxb5 $5 {
is also playable, apparently} 13. Nxb5 Bb4+ 14. Ke2 Ra5 15. hxg4 Nxc4 $13 {
with a super complicated and odd endgame for both players.}) 13. hxg4 Qxh1 14.
Bxe5 Qc6 15. Bd4 Ra8 16. a3 (16. O-O-O $5 {I think Topalov didn't want to
allow ...Qxb5, because a2 was hanging. But it was in fact playable:} Qxb5 {
(this is not forced, I'm just trying to justify 16.a3)} 17. Nxb5 Rxa2 18. Kb1
Ra4 19. Be2 $1 {is an important move to stop h5, but a very hard move to find!
Because 19.Na7 simply wins the exchange back, but apparently it is not enough}
(19. Na7 e5 20. Bb6 Rxa7 21. Bxa7 h5 $11 {with a balanced endgame}) 19... d6
20. b3 Ra5 21. Kb2 $16 {followed by Bc3, winning the exchange and getting big
chances in the endgame, because of his opponent's lack of development.}) 16...
Be7 17. Qh5 (17. Bxg7 $5 Rg8 18. Bd4 {(threatening Qh5)} Rg5 19. Qb3 Rxg4 20.
O-O-O {and again we have an irrational position, but I would definitely choose
White here:} d6 21. c5 Kf8 22. Bb5 Qc7 23. cxd6 Bxd6 24. Be2 $36) 17... Kf8 (
17... O-O $6 18. O-O-O $40) 18. O-O-O $6 (18. c5 $1 {was a key move to create
more problems for Black. In the game, Caruana was able to play 18...b6 and 19..
.Ba6.} d6 $6 19. Rd1 $1 $16 dxc5 $2 20. Bxc5 Qxc5 21. Qxc5 Bxc5 22. Rd8+ Ke7
23. Rxh8 $18) 18... b6 {Now Black has easy and simple moves to bring his
pieces into play.} 19. Kb1 Ba6 20. Nb5 Rd8 21. Bc3 {Topalov chooses to play on
and gradually gets into trouble.} (21. Nd6 $5 {would force a draw immediately}
Bxd6 22. Bxg7+ Kxg7 23. Qg5+ Kf8 24. Qxd8+ Kg7 25. Qg5+ Kf8 26. Qd8+ Kg7 $11)
21... Bxb5 22. cxb5 (22. Qxb5 $5 Qxb5 23. cxb5 $13 {Black has to be watching
his queenside, b4-a4-a5 could be an idea.}) 22... Qf3 23. Rd2 Bf6 24. Bb4+ Kg8
25. Bd6 Rc8 26. Qh3 {Threatening the pretty Bg2.} Qe4+ (26... h5 27. gxh5 Rxh5
28. Qg2 Qxg2 29. Bxg2 Rxb5 30. Bb7 $1 $44 {followed by b4, puts the black
rooks in awkward positions.}) 27. Bd3 Qd5 28. Bb4 (28. Qf1 $5 {(threatening
Bxh7+)} g6 (28... Qf3 29. Qe2 Qxe2 30. Bxe2 $132 {now Black has trouble to
activate his h8-R. Meanwhile, White could start play on the queenside with
a4-b4-a5}) 29. Bf4 {(wanting to play e4-e5)} h5 30. e4 Qc5 31. Be3 $13 {
with an unclear position.}) (28. Bxh7+ $4 {fails because the queen on h3 also
stays under attack} Rxh7 $19) 28... Qf3 $1 29. Bf1 h5 30. Bg2 (30. gxh5 {
(similar to 26...h5)} Rxh5 31. Qg2 (31. Bg2 $5 Rxh3 32. Bxf3 d5 33. Ka2 {
The endgame remains complex, but Black has the better chances} Rh2 $17) 31...
Qxg2 32. Bxg2 d5 $17 {the difference is that Black is able to play the freeing
move ...d5, obtaining good chances in the endgame.}) 30... Qxg4 31. Qxg4 hxg4
32. Bd6 {Topalov wants to play a4-a5 (that would be very dangerous for Black).}
(32. Rxd7 {wouldn't change matters} Rh2 33. Bb7 Rb8 {and White is in trouble,
because there is no time to defend on f2 safely} 34. Be1 Rxb7 $1 35. Rxb7 Rh1
$19 {and Black wins the bishop.}) 32... Rc4 $1 {Stopping a4.} 33. Ka2 Rh2 34.
Bf1 Rc1 35. Bd3 Bg5 36. Bf4 Be7 (36... Bxf4 {was not an easy decision, because
White is marching fast with a4-b5-a5. But with precise play, it was good
enough for a win.} 37. exf4 Kf8 38. a4 Ke7 39. b4 Rg1 $1 40. a5 Rxg3 {scary,
but Black gets back in time} 41. axb6 Rgg2 42. b7 Rh8 $19) 37. e4 Bc5 38. e5
Re1 $2 {Throwing away the benefit of all the work so far by removing the R
from c1. Now White plays the strong 39.Rc2! threatening Rxc5 followed by b6.
Suddenly White has big chances to survive.} (38... f6 {is one of the winning
moves, threatening ...g5} 39. Bg6 fxe5 40. Bxe5 d5 $19 {and after taking on f2,
Black wins easily.}) (38... Kf8 {is also good enough, bringing the king to e7
and then thinking} 39. b4 Bd4 40. a4 Ke7 $19 {and Black takes on f2 at the
right moment, with an easy win.}) (38... Bxf2 $4 39. Rxf2 Rxf2 40. Bxc1 $18)
39. Rc2 $1 {Taking the opportunity to survive.} g5 $2 (39... Kf8 40. a4 $1 $132
{renewing threats (either Rxc5 or a5); it suddenly gets very dangerous for
Black} (40. Rxc5 $2 bxc5 41. b6 Ke7 $19 {and Black wins with ...Rh8})) (39...
Bxf2 $4 {it is never too late to go wrong} 40. Rc8#) (39... Rxf2 $2 40. Rxc5 $1
bxc5 41. b6 c4 42. b7 cxd3 43. b8=Q+ Kh7 44. Qb4 Ree2 45. a4 d2 46. Qd4 $16 {
Black is still fighting, but White should win this.}) 40. Bxg5 Rxe5 41. Bf6 Rd5
(41... Rd5 42. Be4 Rxf2 43. Rxf2 Bxf2 44. Bxd5 exd5 45. Be5 $13 {could have
been played, and it's hard to evaluate this weird bishop endgame, Black should
have the better chances, but White's queenside is scary. In any case, Caruana
probably wasn't in his best mindset to keep on pushing for the win. What a
crazy game!}) 1/2-1/2